Caricamento...
Dictionary of marketing /
| Altri autori: | |
|---|---|
| Natura: | Printed Book |
| Lingua: | English |
| Pubblicazione: |
Mumbai:
Himalaya,
1998.
|
| LEADER | 00457nam a2200133Ia 4500 | ||
|---|---|---|---|
| 008 | 150624b xxu||||| |||| 00| 0 eng d | ||
| 082 | |a 658.8003 | ||
| 245 | |a Dictionary of marketing / |c edited by Gagan Raj | ||
| 260 | |a Mumbai: |b Himalaya, |c 1998. | ||
| 300 | |a 237 p. | ||
| 700 | |a Gagan Raj |e editor. | ||
| 942 | |c REF | ||
| 999 | |c 50150 |d 50150 | ||
| 952 | |0 0 |1 0 |4 0 |6 658_800300000000000_GAG_D |7 0 |9 50128 |a UL |b UL |c REF |d 2012-10-27 |l 0 |o 658.8003 GAG/D |p 72797 |r 2012-10-27 |w 2012-10-27 |y REF | ||